Statistics for US States with County that has State Name

Click here to take the quiz!

General Stats

  • This quiz has been taken 38 times
  • The average score is 4 of 6

Answer Stats

Answer% Correct
Iowa
74%
Utah
74%
New York
70%
Oklahoma
67%
Idaho
63%
Arkansas
52%

Score Distribution

Percentile by Number Answered

Percent of People with Each Score

Your Score History

You have not taken this quiz